[Event "Den Bosch"]
[Site "Hertogenbosch NED"]
[Date "1999.11.25"]
[Round "8"]
[White "Hergott, Deen"]
[Black "Span, Paul"]
[Result "1-0"]
[WhiteElo "2396"]
[BlackElo "2226"]
[PlyCount "75"]
[EventDate "1999.11.18"]
[EventType "tourn"]
[EventRounds "9"]
[EventCountry "NED"]

1. Nf3 Nf6 2. c4 e6 3. g3 b6 4. Bg2 Bb7 5. O-O Be7 6. Nc3 O-O 7. Re1 c5 8. e4
d6 9. d4 a6 10. d5 e5 11. Nh4 Bc8 12. Nf5 Bxf5 13. exf5 Nbd7 14. a4 Ne8 15. h4
Nc7 16. Ra3 Re8 17. Be4 Bf8 18. Kg2 Rb8 19. Rb3 Nf6 20. Bc2 Qd7 21. g4 g6 22.
Bg5 Bg7 23. Bxf6 Bxf6 24. Ne4 Bg7 25. f6 Bf8 26. h5 h6 27. Rg3 b5 28. axb5 axb5
29. b3 g5 30. Nxc5 dxc5 31. Qd3 e4 32. Rxe4 Ne6 33. Rd4 Bg7 34. Qh7+ Kf8 35.
dxe6 Qb7+ 36. Be4 Bxf6 37. Bxb7 Rxb7 38. Rd7 1-0

[Event "Den Bosch"]
[Site "Hertogenbosch NED"]
[Date "1999.11.26"]
[Round "9"]
[White "Buecker, Stefan"]
[Black "Hergott, Deen"]
[Result "1/2-1/2"]
[WhiteElo "2341"]
[BlackElo "2396"]
[PlyCount "113"]
[EventDate "1999.11.18"]
[EventType "tourn"]
[EventRounds "9"]
[EventCountry "NED"]

1. f4 d5 2. e3 Nf6 3. Be2 g6 4. b3 Bg7 5. Bb2 c5 6. Nf3 O-O 7. O-O Nc6 8. Ne5
Nxe5 9. fxe5 Nd7 10. d4 f6 11. Bf3 e6 12. exf6 Bxf6 13. Nd2 cxd4 14. exd4 b5
15. Rf2 Qb6 16. Nf1 Bb7 17. Qd3 Bg7 18. Rd1 b4 19. Qe3 Rae8 20. Kh1 Nf6 21. a3
a5 22. axb4 axb4 23. Re1 Rf7 24. h3 e5 25. Be2 e4 26. g4 Ref8 27. Nh2 Qc7 28.
Ref1 Ne8 29. Rxf7 Rxf7 30. Rxf7 Kxf7 31. g5 Qxc2 32. Bc1 Bxd4 33. Qf4+ Kg8 34.
Ng4 Bg7 35. Bd2 Qc7 36. Qf1 e3 37. Nxe3 d4+ 38. Ng2 Qg3 39. Bg4 Qxg2+ 40. Qxg2
Bxg2+ 41. Kxg2 Bf8 42. Be6+ Kg7 43. Kf3 h6 44. gxh6+ Kh7 45. Ke4 Nd6+ 46. Kxd4
Nb5+ 47. Kd3 Nc3 48. Kc4 Ne4 49. Be3 Bxh6 50. Bb6 Bf8 51. Kd5 Nc3+ 52. Kc6 Kh6
53. Kd7 Ne4 54. Be3+ Kh5 55. Bg4+ Kh4 56. Bd4 Bc5 57. Be5 1/2-1/2

[Event "San Francisco schev"]
[Site "San Francisco USA"]
[Date "1999.03.28"]
[Round "4"]
[White "Shahade, Gregory"]
[Black "Hergott, Deen"]
[Result "1-0"]
[WhiteElo "2386"]
[BlackElo "2390"]
[PlyCount "69"]
[EventDate "1999.03.26"]
[EventType "schev"]
[EventRounds "9"]
[EventCountry "USA"]
[Source "ChessBase"]
[SourceDate "1999.05.10"]

1. e4 e6 2. d4 d5 3. Nd2 dxe4 4. Nxe4 Nd7 5. Nf3 Ngf6 6. Nxf6+ Nxf6 7. Bd3 c5
8. dxc5 Bxc5 9. Qe2 O-O 10. Bg5 Qc7 11. Bxf6 gxf6 12. O-O-O b6 13. Qe4 f5 14.
Qh4 Be7 15. Qh6 f6 16. Kb1 Rf7 17. Nd4 Bc5 18. Qh4 Bxd4 19. Qxd4 Kg7 20. Qh4 e5
21. f3 Kh8 22. Qh5 Rg7 23. Bxf5 Bxf5 24. Qxf5 Rf8 25. Rd2 Qc5 26. Rhd1 Rc7 27.
Rd8 Rcf7 28. a3 Qc4 29. Rxf8+ Rxf8 30. Rd7 Rf7 31. Rd3 Qh4 32. Rd8+ Kg7 33. Qc8
Qxh2 34. Rg8+ Kh6 35. Qe6 1-0

[Event "San Francisco schev"]
[Site "San Francisco USA"]
[Date "1999.03.29"]
[Round "5"]
[White "Hergott, Deen"]
[Black "Shakhnazarov, Oleg"]
[Result "1-0"]
[WhiteElo "2390"]
[BlackElo "2230"]
[PlyCount "71"]
[EventDate "1999.03.26"]
[EventType "schev"]
[EventRounds "9"]
[EventCountry "USA"]
[Source "ChessBase"]
[SourceDate "1999.05.10"]

1. Nf3 Nf6 2. c4 e6 3. g3 b6 4. Bg2 Bb7 5. O-O Be7 6. d4 O-O 7. d5 exd5 8. Nh4
c6 9. cxd5 Nxd5 10. Nf5 Nc7 11. e4 d5 12. Nc3 Bf6 13. Bf4 d4 14. e5 dxc3 15.
exf6 Qxf6 16. Nd6 cxb2 17. Rb1 Rd8 18. Re1 Nba6 19. Be5 Qe6 20. Rxb2 Ne8 21.
Rd2 Nxd6 22. Bxd6 Qc8 23. Re7 Rxd6 24. Rxd6 Nc5 25. Bh3 Qf8 26. Re2 g6 27. Red2
Qe7 28. Rd8+ Rxd8 29. Rxd8+ Kg7 30. Qd4+ f6 31. Bf1 b5 32. Rd6 Qe5 33. Rd7+ Kg8
34. Qxe5 fxe5 35. Rc7 a5 36. Bxb5 1-0

[Event "San Francisco schev"]
[Site "San Francisco USA"]
[Date "1999.03.30"]
[Round "6"]
[White "Mont Reynaud, Jordy"]
[Black "Hergott, Deen"]
[Result "1/2-1/2"]
[WhiteElo "2225"]
[BlackElo "2390"]
[PlyCount "78"]
[EventDate "1999.03.26"]
[EventType "schev"]
[EventRounds "9"]
[EventCountry "USA"]
[Source "ChessBase"]
[SourceDate "1999.05.10"]

1. d4 Nf6 2. c4 c6 3. Nc3 d5 4. Nf3 dxc4 5. a4 Bf5 6. e3 e6 7. Bxc4 Bb4 8. O-O
O-O 9. Qe2 Bg6 10. Rd1 Nbd7 11. Ne5 Qa5 12. Nxg6 hxg6 13. e4 e5 14. d5 Nb6 15.
Bd2 Nxc4 16. Qxc4 cxd5 17. exd5 Rfd8 18. Qe2 Nxd5 19. Qxe5 Nxc3 20. Qxa5 Bxa5
21. Bxc3 Bxc3 22. bxc3 Kf8 23. Kf1 Ke7 24. Ke2 Rd6 25. Rab1 Rxd1 26. Kxd1 Rd8+
27. Ke2 Rd7 28. Ke3 Rc7 29. Kd4 Kd6 30. Rb2 Kc6 31. f3 Re7 32. Kc4 b6 33. h3 a6
34. Kb4 g5 35. Kc4 Re5 36. Rd2 Re7 37. Kb4 Re5 38. Kb3 Rd5 39. Re2 Kd7 1/2-1/2

[Event "San Francisco schev"]
[Site "San Francisco USA"]
[Date "1999.04.01"]
[Round "9"]
[White "Hergott, Deen"]
[Black "Zugic, Igor"]
[Result "1/2-1/2"]
[WhiteElo "2390"]
[BlackElo "2370"]
[PlyCount "50"]
[EventDate "1999.03.26"]
[EventType "schev"]
[EventRounds "9"]
[EventCountry "USA"]
[Source "ChessBase"]
[SourceDate "1999.05.10"]

1. Nf3 Nf6 2. c4 e6 3. Nc3 d5 4. d4 Be7 5. Bg5 O-O 6. e3 h6 7. Bh4 b6 8. Be2
Bb7 9. Bxf6 Bxf6 10. cxd5 exd5 11. b4 c6 12. O-O Qd6 13. Qb3 Nd7 14. Rfd1 Rfd8
15. Rac1 Be7 16. b5 c5 17. dxc5 Nxc5 18. Qb1 Qf6 19. Nd4 Ne6 20. Nc6 Bxc6 21.
bxc6 Qe5 22. Nb5 Bc5 23. Bg4 a6 24. Nd4 Rac8 25. Qd3 Bxd4 1/2-1/2

[Event "Koltanowski Team Match"]
[Site "San Francisco USA"]
[Date "1999.02.02"]
[Round "1"]
[White "O'Donnell, Tom"]
[Black "Hergott, Deen"]
[Result "1/2-1/2"]
[WhiteElo "2357"]
[BlackElo "2390"]
[PlyCount "40"]
[EventDate "1999.02.??"]
[EventType "team"]
[EventRounds "9"]
[EventCountry "USA"]

1. e4 e5 2. Nf3 Nc6 3. Bb5 Nf6 4. O-O Nxe4 5. d4 Nd6 6. Bxc6 dxc6 7. dxe5 Nf5
8. Qxd8+ Kxd8 9. b3 Ke8 10. Bb2 Ne7 11. Nbd2 Nd5 12. c4 Nf4 13. g3 Nd3 14. Bc3
a5 15. Rfd1 Bg4 16. Kg2 Bb4 17. Bxb4 axb4 18. h3 Bxh3+ 19. Kg1 Bg4 20. Nf1 Nb2
1/2-1/2

[Event "Koltanowski Team Match"]
[Site "San Francisco USA"]
[Date "1999.02.05"]
[Round "4"]
[White "Hergott, Deen"]
[Black "Rey, Guillermo"]
[Result "1/2-1/2"]
[WhiteElo "2390"]
[BlackElo "2346"]
[PlyCount "57"]
[EventDate "1999.02.??"]
[EventType "team"]
[EventRounds "9"]
[EventCountry "USA"]

1. Nf3 Nf6 2. c4 g6 3. Nc3 Bg7 4. d4 O-O 5. e4 d6 6. Be2 e5 7. d5 Na6 8. Bg5 h6
9. Bh4 Qe8 10. Nd2 Bd7 11. O-O Nc5 12. Bxf6 Bxf6 13. Nb5 Na6 14. b4 Qe7 15. Rb1
Bg5 16. Nf3 Bf6 17. Nc3 Bg7 18. c5 dxc5 19. b5 Nb8 20. Nd2 Bc8 21. Nc4 b6 22.
a4 Nd7 23. d6 cxd6 24. Qxd6 Qg5 25. a5 bxa5 26. Nxa5 Nf6 27. Qxc5 Be6 28. Rfd1
Nd7 29. Qd6 1/2-1/2

[Event "Koltanowski Team Match"]
[Site "San Francisco USA"]
[Date "1999.02.06"]
[Round "5"]
[White "Pinto, Mark"]
[Black "Hergott, Deen"]
[Result "0-1"]
[WhiteElo "2165"]
[BlackElo "2390"]
[PlyCount "100"]
[EventDate "1999.02.??"]
[EventType "team"]
[EventRounds "9"]
[EventCountry "USA"]

1. e4 g6 2. d4 Bg7 3. c3 d6 4. Nf3 Nf6 5. Bd3 O-O 6. O-O Nc6 7. h3 Nd7 8. Re1
e5 9. Be3 h6 10. Qd2 Kh7 11. g4 Nf6 12. d5 Ne7 13. c4 Nfg8 14. Nc3 f5 15. exf5
gxf5 16. gxf5 Nxf5 17. Kh2 Kh8 18. Rg1 Qe8 19. Rxg7 Kxg7 20. Rg1+ Kh8 21. Be2
Nxe3 22. Qxe3 Qf7 23. Ne4 Qf4+ 24. Ng3 Qxe3 25. fxe3 Bf5 26. Nh4 Bh7 27. Rg2
Nf6 28. Bf3 e4 29. Bg4 Nxg4+ 30. hxg4 Rae8 31. Nhf5 Bxf5 32. gxf5 Re5 33. Rf2
c6 34. dxc6 bxc6 35. Kh3 Rg8 36. Rf4 d5 37. cxd5 cxd5 38. Nh5 Rg5 39. Ng3 Kg7
40. Kh4 Kf6 41. Rf1 Rxg3 42. Kxg3 Rxf5 43. Rc1 Rf3+ 44. Kg2 Rxe3 45. Kf2 Rh3
46. Rc7 Ke5 47. Rxa7 Rh2+ 48. Ke1 Rxb2 49. Re7+ Kd4 50. Ra7 e3 0-1

[Event "Koltanowski Team Match"]
[Site "San Francisco USA"]
[Date "1999.02.08"]
[Round "7"]
[White "Cartagena, Omar"]
[Black "Hergott, Deen"]
[Result "1/2-1/2"]
[WhiteElo "2440"]
[BlackElo "2390"]
[PlyCount "36"]
[EventDate "1999.02.??"]
[EventType "team"]
[EventRounds "9"]
[EventCountry "USA"]

1. e4 e6 2. d4 d5 3. Nd2 dxe4 4. Nxe4 Nd7 5. Nf3 Ngf6 6. Nxf6+ Nxf6 7. Bd3 c5
8. dxc5 Bxc5 9. O-O O-O 10. Qe2 b6 11. Bg5 Bb7 12. Rad1 Qc7 13. Ne5 Nd5 14. c4
Bd6 15. cxd5 Bxe5 16. dxe6 fxe6 17. Qh5 g6 18. Qh3 Bd5 1/2-1/2

[Event "Koltanowski Team Match"]
[Site "San Francisco USA"]
[Date "1999.02.09"]
[Round "8"]
[White "Hergott, Deen"]
[Black "Lobo, Richard"]
[Result "1/2-1/2"]
[WhiteElo "2390"]
[BlackElo "2277"]
[PlyCount "197"]
[EventDate "1999.02.??"]
[EventType "team"]
[EventRounds "9"]
[EventCountry "USA"]

1. Nf3 Nf6 2. c4 e6 3. g3 b6 4. Bg2 Bb7 5. O-O Be7 6. b3 O-O 7. Bb2 d5 8. cxd5
exd5 9. d4 c5 10. Nc3 Na6 11. Rc1 Re8 12. dxc5 Nxc5 13. Nd4 Bf8 14. b4 Nce4 15.
Ncb5 Rc8 16. Rxc8 Qxc8 17. Nxa7 Qa8 18. Ndb5 d4 19. Qxd4 Nc3 20. Bxc3 Bxg2 21.
Nc7 Qb7 22. Nxe8 Nxe8 23. Rd1 Bh3 24. f3 Qxa7 25. g4 h5 26. Qd8 Qa4 27. Rd7 Nf6
28. Bxf6 gxf6 29. Qe8 Qxa2 30. Kf2 Qe6 31. Qxe6 fxe6 32. Kg3 hxg4 33. fxg4 Bf1
34. Kf2 Bh3 35. Kg3 Bf1 36. Kf2 Bh3 37. Rd3 Bxg4 38. Rg3 f5 39. h3 Bxb4 40.
hxg4 Bc5+ 41. Kf3 fxg4+ 42. Ke4 Kf7 43. Rxg4 Kf6 44. Rg3 Bd6 45. Rh3 Bc5 46.
Rh7 Bd6 47. Rd7 Bb4 48. Rc7 Bd6 49. Rd7 Bb4 50. Kf4 Ba3 51. Rb7 Bc5 52. Ke4 Bd6
53. Rxb6 Bh2 54. Rb5 Bc7 55. Rb7 Bg3 56. Rb3 Bc7 57. Kd4 Bd6 58. Rf3+ Ke7 59.
e4 Ke8 60. Rh3 Kd7 61. Rh7+ Kc6 62. Rh6 Kd7 63. e5 Ba3 64. Ke4 Bc5 65. Rh1 Bb4
66. Rd1+ Ke7 67. Rb1 Bc3 68. Rb3 Ba1 69. Rb7+ Ke8 70. Rb5 Kf7 71. Kf4 Bc3 72.
Rb7+ Ke8 73. Rc7 Bd4 74. Rc4 Bb2 75. Rc5 Bd4 76. Rb5 Kf7 77. Rb7+ Ke8 78. Rc7
Bb2 79. Rc2 Bd4 80. Re2 Kf7 81. Ke4 Bc3 82. Kd3 Ba1 83. Kc4 Ke7 84. Kc5 Kd7 85.
Kc4 Ke7 86. Re1 Bb2 87. Kd3 Kf7 88. Ke4 Bc3 89. Rf1+ Ke7 90. Rc1 Bb2 91. Rc5
Kf7 92. Kf4 Bd4 93. Rc4 Bb2 94. Rc7+ Ke8 95. Rc5 Bd4 96. Rb5 Kf7 97. Ke4 Bc3
98. Rb6 Ke7 99. Rxe6+ 1/2-1/2

[Event "Outaouais op"]
[Site "Hull CAN"]
[Date "1998.10.23"]
[Round "1"]
[White "Hergott, Deen"]
[Black "Solunac, Sasha"]
[Result "1-0"]
[WhiteElo "2425"]
[BlackElo "1883"]
[PlyCount "53"]
[EventDate "1998.10.23"]
[EventType "swiss"]
[EventRounds "5"]
[EventCountry "CAN"]

1. d4 Nf6 2. Bg5 e6 3. e4 h6 4. Bxf6 Qxf6 5. Nc3 Bb4 6. Qd2 d5 7. e5 Qd8 8. a3
Be7 9. Nf3 c5 10. dxc5 Bxc5 11. h4 Nc6 12. Rh3 a6 13. Rg3 Bf8 14. Ne2 Qc7 15.
O-O-O Nxe5 16. Nxe5 Qxe5 17. Nf4 Be7 18. Re1 Qc7 19. Rxg7 Kf8 20. Qd4 Qd8 21.
Nh5 f6 22. Bd3 e5 23. Qe3 e4 24. Bxe4 dxe4 25. Qxe4 Bxa3 26. bxa3 Bd7 27. Qb4+
1-0

[Event "Outaouais op"]
[Site "Hull CAN"]
[Date "1998.10.24"]
[Round "2"]
[White "Djerkovic, Miladin"]
[Black "Hergott, Deen"]
[Result "0-1"]
[WhiteElo "2316"]
[BlackElo "2425"]
[PlyCount "50"]
[EventDate "1998.10.23"]
[EventType "swiss"]
[EventRounds "5"]
[EventCountry "CAN"]

1. e4 e6 2. d4 d5 3. Nc3 Bb4 4. e5 Qd7 5. a3 Bxc3+ 6. bxc3 b6 7. Nf3 Ne7 8. h4
Ba6 9. Bd3 Qa4 10. h5 h6 11. Rb1 c5 12. dxc5 bxc5 13. Rh4 Qa5 14. Qd2 Nbc6 15.
c4 Qxd2+ 16. Bxd2 d4 17. Re4 O-O 18. Kf1 Rab8 19. Ree1 Rxb1 20. Rxb1 Nc8 21. a4
Nb6 22. a5 Nxc4 23. Be1 Rb8 24. Rb3 Rxb3 25. cxb3 Nd2+ 0-1

[Event "Outaouais op"]
[Site "Hull CAN"]
[Date "1998.10.24"]
[Round "3"]
[White "Hergott, Deen"]
[Black "Taylor, Gordon"]
[Result "1-0"]
[WhiteElo "2425"]
[BlackElo "2388"]
[PlyCount "101"]
[EventDate "1998.10.23"]
[EventType "swiss"]
[EventRounds "5"]
[EventCountry "CAN"]

1. Nf3 c5 2. c4 Nf6 3. d4 cxd4 4. Nxd4 e6 5. Nc3 Bb4 6. g3 O-O 7. Bg2 d5 8. Nc2
Bxc3+ 9. bxc3 Nc6 10. O-O Qa5 11. cxd5 exd5 12. Bb2 Rd8 13. Qc1 Ne5 14. c4 dxc4
15. Ne3 Be6 16. Bxb7 Rab8 17. Bc3 Qc5 18. Bg2 Ne8 19. Bxe5 Qxe5 20. Nxc4 Qxe2
21. Na5 Rd2 22. Nc6 Rbb2 23. Qc5 Nf6 24. Qxa7 h6 25. Nd4 Qc4 26. Nxe6 Qxe6 27.
a4 Kh7 28. a5 Ng4 29. Bh3 f5 30. Bxg4 fxg4 31. a6 Ra2 32. Qb7 Rdb2 33. Rxa2
Rxb7 34. axb7 Qb6 35. Ra4 h5 36. Re1 Qxb7 37. Rae4 Qb3 38. R4e3 Qc4 39. Re4 Qd3
40. Re5 g6 41. Re8 Qd4 42. Kg2 Qd5+ 43. R1e4 Kh6 44. h4 gxh3+ 45. Kxh3 Qf5+ 46.
Kg2 Qd5 47. Kh2 Qd6 48. R8e6 Qd5 49. Re7 Qc5 50. Rf7 Kg5 51. Re5+ 1-0

[Event "Outaouais op"]
[Site "Hull CAN"]
[Date "1998.10.25"]
[Round "4"]
[White "Hua, Lefong"]
[Black "Hergott, Deen"]
[Result "1/2-1/2"]
[WhiteElo "2255"]
[BlackElo "2425"]
[PlyCount "32"]
[EventDate "1998.10.23"]
[EventType "swiss"]
[EventRounds "5"]
[EventCountry "CAN"]

1. c4 e5 2. g3 Nc6 3. Bg2 g6 4. Nc3 Bg7 5. d3 d6 6. e3 Be6 7. Nge2 Qd7 8. Rb1
Bh3 9. Bxh3 Qxh3 10. Nd5 Qd7 11. b4 Nce7 12. O-O h5 13. h4 c6 14. Nxe7 Nxe7 15.
e4 O-O 16. b5 f5 1/2-1/2

[Event "Outaouais op"]
[Site "Hull CAN"]
[Date "1998.10.25"]
[Round "5"]
[White "Hergott, Deen"]
[Black "Sikharulidze, Giorgi"]
[Result "1-0"]
[WhiteElo "2425"]
[BlackElo "2393"]
[PlyCount "123"]
[EventDate "1998.10.23"]
[EventType "swiss"]
[EventRounds "5"]
[EventCountry "CAN"]

1. Nf3 g6 2. d4 Bg7 3. c3 d6 4. Bg5 Nf6 5. Nbd2 Nbd7 6. e4 e5 7. dxe5 dxe5 8.
Bc4 O-O 9. O-O c6 10. a4 Qc7 11. a5 h6 12. Bh4 Kh7 13. b4 Nh5 14. Qb3 Ndf6 15.
Bg3 Ne8 16. Qa2 Qe7 17. Bb3 Nd6 18. Rfe1 Bg4 19. h3 Bxf3 20. Nxf3 Nxg3 21. fxg3
f5 22. exf5 Rxf5 23. Re3 e4 24. Rae1 Re8 25. Bc2 Qf7 26. Qxf7 Rxf7 27. Nd2 Nf5
28. Rxe4 Rd8 29. Nb1 Nxg3 30. Re7 Rd7 31. Rxd7 Rxd7 32. Kf2 Nf5 33. g4 Ne7 34.
Re6 Kg8 35. Re2 Kf7 36. Re4 Nd5 37. c4 Nxb4 38. Rf4+ Ke7 39. Bxg6 Be5 40. Rf7+
Kd6 41. Rxd7+ Kxd7 42. Nd2 Ke7 43. Nb3 Kd6 44. c5+ Ke6 45. Ke3 Nd5+ 46. Ke4
Nf6+ 47. Kd3 Kd7 48. Bf5+ Kd8 49. h4 Bf4 50. Nd4 Bc1 51. g5 hxg5 52. hxg5 Ne8
53. g6 Ng7 54. a6 bxa6 55. Nxc6+ Kc7 56. Nd4 Bb2 57. Ne6+ Nxe6 58. Bxe6 a5 59.
Bb3 a6 60. Kc4 Bf6 61. Kd5 Bc3 62. Ba4 1-0

[Event "Olympiad"]
[Site "Elista RUS"]
[Date "1998.10.01"]
[Round "3"]
[White "Pavasovic, Dusko"]
[Black "Hergott, Deen"]
[Result "0-1"]
[WhiteElo "2475"]
[BlackElo "2370"]
[PlyCount "79"]
[EventDate "1998.09.29"]
[EventType "team"]
[EventRounds "13"]
[EventCountry "RUS"]

1. e4 g6 2. d4 Bg7 3. Nc3 d6 4. Nf3 Nf6 5. Be3 c6 6. Qd2 b5 7. Bd3 O-O 8. Bh6
Bg4 9. e5 dxe5 10. dxe5 Nfd7 11. e6 Bxf3 12. Bxg7 Kxg7 13. gxf3 Ne5 14. O-O-O
Nxd3+ 15. cxd3 b4 16. Ne4 Qd5 17. Qxb4 Qxe6 18. Qc3+ Kg8 19. h4 h5 20. Rhg1 Nd7
21. Rg5 Nf6 22. Rdg1 Rab8 23. Nxf6+ exf6 24. Rxh5 Rfd8 25. Ra5 Rb5 26. Rxa7
Rdd5 27. d4 Qd6 28. Qe3 Kg7 29. Qe4 Rdc5+ 30. Kb1 Rf5 31. Qe8 Rxb2+ 32. Ka1
Rb1+ 33. Kxb1 Qb4+ 34. Kc2 Qc4+ 35. Kd2 Qxd4+ 36. Ke2 Qxa7 37. Qxc6 Rc5 38. Qd6
Rc2+ 39. Kd1 Rxa2 40. h5 0-1

[Event "Olympiad"]
[Site "Elista RUS"]
[Date "1998.10.02"]
[Round "4"]
[White "De la Paz, Francisco"]
[Black "Hergott, Deen"]
[Result "1/2-1/2"]
[WhiteElo "2470"]
[BlackElo "2370"]
[PlyCount "100"]
[EventDate "1998.09.29"]
[EventType "team"]
[EventRounds "13"]
[EventCountry "RUS"]

1. e4 e6 2. d4 d5 3. Nd2 dxe4 4. Nxe4 Nd7 5. Nf3 Ngf6 6. Nxf6+ Nxf6 7. Bd3 c5
8. dxc5 Bxc5 9. Bg5 Qc7 10. O-O b6 11. Qe2 Bb7 12. Bb5+ Kf8 13. Rad1 Bd6 14.
Rxd6 Qxd6 15. Rd1 Nd5 16. c4 a6 17. cxd5 axb5 18. dxe6 Qxe6 19. Qxe6 fxe6 20.
Ne5 Bd5 21. Rc1 h6 22. Be3 Rh7 23. Rc7 Kg8 24. Ng6 Be4 25. Ne7+ Kf8 26. f3 g5
27. Bxb6 Bb1 28. Bc5 Ke8 29. Rb7 Bxa2 30. Kf2 Bb1 31. Ke3 Rd8 32. Ra7 Rd3+ 33.
Ke2 Rd7 34. Ra8+ Rd8 35. Ra7 Rd7 36. Ra8+ Rd8 37. Ra7 Bd3+ 38. Ke3 Bc2 39. b4
Rd3+ 40. Ke2 Rd7 41. Ra8+ Rd8 42. Ra7 e5 43. Ke3 Rd3+ 44. Kf2 Rd2+ 45. Ke3 Rd3+
46. Kf2 Rd7 47. Ra8+ Rd8 48. Ra2 Rd2+ 49. Ke3 Rd3+ 50. Kf2 Rd2+ 1/2-1/2

[Event "Olympiad"]
[Site "Elista RUS"]
[Date "1998.10.05"]
[Round "7"]
[White "Rogic, Davor"]
[Black "Hergott, Deen"]
[Result "1/2-1/2"]
[WhiteElo "2460"]
[BlackElo "2370"]
[PlyCount "65"]
[EventDate "1998.09.29"]
[EventType "team"]
[EventRounds "13"]
[EventCountry "RUS"]

1. e4 g6 2. d4 Bg7 3. Nc3 d6 4. Be3 a6 5. a4 Nc6 6. h3 e5 7. Nf3 exd4 8. Nxd4
Bd7 9. g3 Nf6 10. Bg2 Qc8 11. Nxc6 bxc6 12. e5 dxe5 13. Bc5 Bf8 14. Qf3 Bxc5
15. Qxf6 O-O 16. Ne4 Bb4+ 17. c3 Bd6 18. Rd1 Rb8 19. Nxd6 cxd6 20. Qxd6 Be6 21.
Rd2 c5 22. Bd5 Bxd5 23. Qxd5 Rd8 24. Qxd8+ Qxd8 25. Rxd8+ Rxd8 26. Ke2 Rb8 27.
Rb1 c4 28. Ke3 f5 29. Rd1 Rxb2 30. Rd8+ Kf7 31. Rc8 Ra2 32. Rxc4 a5 33. Rc5
1/2-1/2

[Event "Olympiad"]
[Site "Elista RUS"]
[Date "1998.10.06"]
[Round "8"]
[White "Kurajica, Bojan"]
[Black "Hergott, Deen"]
[Result "1/2-1/2"]
[WhiteElo "2570"]
[BlackElo "2370"]
[PlyCount "86"]
[EventDate "1998.09.29"]
[EventType "team"]
[EventRounds "13"]
[EventCountry "RUS"]

1. d4 c5 2. e3 Nf6 3. Nf3 g6 4. c3 b6 5. a4 Bg7 6. a5 O-O 7. Qb3 bxa5 8. Qa3
cxd4 9. exd4 Nc6 10. Nbd2 Re8 11. Be2 e5 12. dxe5 Ng4 13. O-O Ngxe5 14. Nxe5
Rxe5 15. Bd3 d5 16. Nf3 Re6 17. Rd1 Qb6 18. Bf1 d4 19. Bc4 dxc3 20. bxc3 Re8
21. Bxf7+ Kxf7 22. Ng5+ Kg8 23. Qa2+ Be6 24. Nxe6 Nb4 25. cxb4 Qxe6 26. Qxe6+
Rxe6 27. Rxa5 Bc3 28. Ra4 Re4 29. Ba3 Rae8 30. g3 Re1+ 31. Rxe1 Rxe1+ 32. Kg2
Ra1 33. Rxa7 Bxb4 34. Rg7+ Kxg7 35. Bb2+ Kf7 36. Bxa1 h5 37. f4 Ke6 38. Kf3 Kf5
39. h3 Bc5 40. g4+ hxg4+ 41. hxg4+ Ke6 42. f5+ gxf5 43. gxf5+ Kxf5 1/2-1/2

[Event "Olympiad"]
[Site "Elista RUS"]
[Date "1998.10.10"]
[Round "11"]
[White "Hergott, Deen"]
[Black "Gunnarsson, Jon Viktor"]
[Result "1/2-1/2"]
[WhiteElo "2370"]
[BlackElo "2445"]
[PlyCount "96"]
[EventDate "1998.09.29"]
[EventType "team"]
[EventRounds "13"]
[EventCountry "RUS"]

1. Nf3 Nf6 2. c4 g6 3. Nc3 Bg7 4. d4 O-O 5. e4 d6 6. Be2 e5 7. d5 a5 8. Bg5 Na6
9. Nd2 Qe8 10. O-O h6 11. Bh4 Nh7 12. a3 f5 13. exf5 gxf5 14. Bh5 Qd7 15. b4 e4
16. Qb3 Bd4 17. Rad1 Qg7 18. Ne2 Bf6 19. Bg3 Bd7 20. c5 axb4 21. axb4 Bg5 22.
Nf4 Nf6 23. Be2 dxc5 24. b5 Nb4 25. d6+ Kh7 26. Ne6 Bxe6 27. Qxe6 Nfd5 28. Be5
Qg6 29. Qxg6+ Kxg6 30. dxc7 Ra2 31. Bc4 Rxd2 32. h4 Nb6 33. hxg5 Nxc4 34. Rxd2
Nd3 35. Rxd3 exd3 36. Bc3 Rc8 37. Rd1 d2 38. Bxd2 Nxd2 39. Rxd2 Rxc7 40. gxh6
Kxh6 41. Kf1 Kg5 42. Ke2 Kf4 43. Rd8 Re7+ 44. Kd3 Rg7 45. Kc4 Rxg2 46. Kxc5
Rxf2 47. Rd7 Rc2+ 48. Kb6 Kg3 1/2-1/2

[Event "Olympiad"]
[Site "Elista RUS"]
[Date "1998.10.11"]
[Round "12"]
[White "Hoffman, Alejandro"]
[Black "Hergott, Deen"]
[Result "1-0"]
[WhiteElo "2525"]
[BlackElo "2370"]
[PlyCount "81"]
[EventDate "1998.09.29"]
[EventType "team"]
[EventRounds "13"]
[EventCountry "RUS"]

1. g3 g6 2. Bg2 Bg7 3. d4 Nf6 4. e4 d6 5. Ne2 O-O 6. Nbc3 e5 7. h3 Nc6 8. Be3
exd4 9. Nxd4 Bd7 10. O-O Re8 11. a4 a6 12. a5 Qc8 13. Kh2 Re5 14. g4 Rxa5 15.
Nxc6 Rxa1 16. Ne7+ Kf8 17. Qxa1 Kxe7 18. f4 Kf8 19. f5 Qe8 20. Qe1 Bb5 21. Rf2
Nd7 22. Nd5 Be5+ 23. Kh1 Rc8 24. Bh6+ Kg8 25. f6 Nxf6 26. Nxf6+ Bxf6 27. Rxf6
Qe5 28. Qf2 Qxb2 29. Rxf7 Qa1+ 30. Kh2 Qe5+ 31. Kg1 Qa1+ 32. Bf1 Qxf1+ 33. Qxf1
Bxf1 34. Rg7+ Kh8 35. Kxf1 a5 36. Re7 a4 37. Bc1 Kg8 38. Ke2 b5 39. Bb2 Ra8 40.
Rxc7 a3 41. Ba1 1-0

[Event "North Bay int"]
[Site "North Bay CAN"]
[Date "1998.08.05"]
[Round "2"]
[White "Hergott, Deen"]
[Black "Collins, Chris"]
[Result "1-0"]
[WhiteElo "2370"]
[BlackElo "2232"]
[PlyCount "61"]
[EventDate "1998.08.05"]
[EventType "swiss"]
[EventRounds "9"]
[EventCountry "CAN"]
[Source "ChessBase"]
[SourceDate "1998.11.10"]

1. Nf3 Nf6 2. c4 e6 3. g3 c5 4. Bg2 Nc6 5. O-O Be7 6. d4 cxd4 7. Nxd4 a6 8. Nc3
O-O 9. b3 Qc7 10. Bb2 d6 11. Rc1 Ne5 12. e4 Re8 13. Kh1 Rb8 14. f4 Ng6 15. Nf3
b6 16. Qe2 Bb7 17. Rce1 Rbd8 18. e5 dxe5 19. Nxe5 Bxg2+ 20. Kxg2 Bb4 21. Rd1
Nxe5 22. fxe5 Bxc3 23. Bxc3 Nd5 24. cxd5 Qxc3 25. d6 f6 26. Rc1 Qxe5 27. Qxe5
fxe5 28. Rc6 Rb8 29. d7 Red8 30. Rc7 a5 31. Rfc1 1-0

[Event "North Bay int"]
[Site "North Bay CAN"]
[Date "1998.08.06"]
[Round "3"]
[White "Palsson, Halldor"]
[Black "Hergott, Deen"]
[Result "0-1"]
[WhiteElo "2145"]
[BlackElo "2370"]
[PlyCount "46"]
[EventDate "1998.08.05"]
[EventType "swiss"]
[EventRounds "9"]
[EventCountry "CAN"]
[Source "ChessBase"]
[SourceDate "1998.11.10"]

1. d4 d5 2. Nf3 Nf6 3. c4 c6 4. Nc3 dxc4 5. a4 Bf5 6. e3 e6 7. Bxc4 Bb4 8. O-O
O-O 9. Nh4 Bg4 10. f3 Nd5 11. fxg4 Qxh4 12. Qf3 Nd7 13. e4 N5b6 14. Bb3 c5 15.
a5 cxd4 16. Ne2 Ne5 17. Qf4 Nbd7 18. h3 Ng6 19. Qc7 Nc5 20. Nxd4 Rac8 21. Qh2
Qd8 22. Be3 Nxb3 23. Nxb3 Qd3 0-1

[Event "North Bay int"]
[Site "North Bay CAN"]
[Date "1998.08.07"]
[Round "5"]
[White "Day, Lawrence"]
[Black "Hergott, Deen"]
[Result "1/2-1/2"]
[WhiteElo "2355"]
[BlackElo "2370"]
[PlyCount "32"]
[EventDate "1998.08.05"]
[EventType "swiss"]
[EventRounds "9"]
[EventCountry "CAN"]
[Source "ChessBase"]
[SourceDate "1998.11.10"]

1. e4 e6 2. d3 d5 3. Qe2 dxe4 4. dxe4 e5 5. c3 Be7 6. Nf3 Nd7 7. g3 Ngf6 8. Bg2
Nc5 9. O-O Qd3 10. Qxd3 Nxd3 11. Rd1 Nxc1 12. Rxc1 Nxe4 13. Nxe5 Nc5 14. b4 Nd7
15. Nxd7 Kxd7 16. Rd1+ Ke8 1/2-1/2

[Event "North Bay int"]
[Site "North Bay CAN"]
[Date "1998.08.07"]
[Round "6"]
[White "Hergott, Deen"]
[Black "Gardner, Robert"]
[Result "1-0"]
[WhiteElo "2370"]
[BlackElo "2185"]
[PlyCount "53"]
[EventDate "1998.08.05"]
[EventType "swiss"]
[EventRounds "9"]
[EventCountry "CAN"]
[Source "ChessBase"]
[SourceDate "1998.11.10"]

1. Nf3 b5 2. g3 Bb7 3. Bg2 e6 4. b3 Be7 5. Bb2 Nf6 6. Na3 b4 7. Nc4 a5 8. a3
O-O 9. axb4 axb4 10. Rxa8 Bxa8 11. Qa1 Nc6 12. e4 Nxe4 13. Bxg7 Bf6 14. Bxf6
Qxf6 15. O-O Qxa1 16. Rxa1 d5 17. Na5 Na7 18. Ne5 Nb5 19. f3 Ned6 20. Nec6 Nf5
21. Nxb4 c5 22. Nd3 Rc8 23. c3 Nfd6 24. Kf2 d4 25. c4 Na7 26. Nb7 Bxb7 27. Rxa7
1-0